000 00369nam a22001337a 4500
005 20200619155856.0
008 200619b xxu||||| |||| 00| 0 eng d
082 _a345.4 LIC
110 _aALL INDIA REPORTER
_96253
245 _aTHE LABOUR AND INDUSTRIAL CASES [1968) V- II
260 _aMUMBAI
_bALL INDIA REPORTER Pvt Ltd
_c1968
650 _aLAW
_95701
942 _cJRL
999 _c7348
_d7346